LEADER 01241nam0-2200337---450- 001 990008535200403321 005 20070921115525.0 010 $a84-7785-625-7 035 $a000853520 035 $aFED01000853520 035 $a(Aleph)000853520FED01 035 $a000853520 100 $a20070704d2004----km-y0itay50------ba 101 0 $aspa 102 $aES 105 $aa-------101yy 200 1 $aHistoria y mito$eel pasado legendario como fuente de autoridad$eactas del Simposio internacional celebrado in Sevilla, Valverde del Camino y Huelva entre el 22 y el 25 de abril de 2003$fJosè María Candau Morón, Francisco Javier González Ponce y Gonzalo Cruz Andreotti (eds.) 210 $aMálaga$cCentro de ediciones de la diputación de Málaga$d2004 215 $a520 p.$cill.$d25 cm 610 0 $aMito$aConcezione$aAntichità$aCongressi$a2003 676 $a291.13$v21$zita 702 1$aCandau Morón,$bJosé María 702 1$aGonzález Ponce,$bFrancisco Javier 702 1$aCruz Andreotti,$bGonzalo 801 0$aIT$bUNINA$gRICA$2UNIMARC 901 $aBK 912 $a990008535200403321 952 $a291.13 CONV SEVILLA 2003$bBibl. 56017$fFLFBC 959 $aFLFBC 996 $aHistoria y mito$9733969 997 $aUNINA LEADER 01210nam0 22003253i 450 001 LO10619254 005 20231121125522.0 010 $a8842495611 100 $a20130507d2002 ||||0itac50 ba 101 | $aita$cita 102 $ait 181 1$6z01$ai $bxxxe 182 1$6z01$an 200 1 $aInferni, mari, isole$estorie di viaggi nella letteratura$fRoberto Mussapi 210 $aMilano$cB. Mondadori$d©2002 215 $a124 p.$d17 cm. 225 | $aTesti e pretesti 410 0$1001PUV0288298$12001 $aTesti e pretesti 500 10$aInferni, mari, isole : storie di viaggi nella letteratura$3TSA1735362$93608540 606 $aMare nella letteratura$2FIR$3RMLC242538$9I 676 $a809.9332162$9$v21 700 1$aMussapi$b, Roberto$f <1952- >$3CFIV007599$4070$0281042 801 3$aIT$bIT-01$c20130507 850 $aIT-FR0017 899 $aBiblioteca umanistica Giorgio Aprea$bFR0017 912 $aLO10619254 950 0$aBiblioteca umanistica Giorgio Aprea$d 52MAG 1/504$e 52DUP0009000415 VMN RS $fA $h20130507$i20130507 977 $a 52 996 $aInferni, mari, isole : storie di viaggi nella letteratura$93608540 997 $aUNICAS